000
00220 a2200097 4500
001
41475
100
_a
Tufail dogan
245
_a
Crrent affairs
260
_a
Lahore urdu bazar
_b
News work book
_c
090
_c
25638
_d
25638
942
_a
NUST-CAE
_c
M
_c
17378
999
_c
276548
_d
276548